| 000 | 01213nam a22002537a 4500 | ||
|---|---|---|---|
| 003 | OSt | ||
| 005 | 20230823101202.0 | ||
| 008 | 221006b |||||||| |||| 00| 0 eng d | ||
| 040 | _cBiblioteca Lado V | ||
| 082 |
_a306.440.89 _bL374c |
||
| 100 |
_9958 _aLaughlin, Nicholas _eeditor |
||
| 245 | _aCaribbean Beat/ | ||
| 260 |
_c2013 _bCaribbean Airlines _aEspaña |
||
| 300 |
_c21x28cm _a112p. |
||
| 505 |
_aDATEBOOK
WORD OF MOUTH
THE LOOK
FREQUENT FLYER
THE GAME
BOOKSHELF AND PLAYLIST
COOKUP _tEMBARK |
||
| 505 |
_aTHE QUEEN´S KAISO
"YOU HAVE TO GATHER ALL THE BROKEN PIECES"
AFTER THE LEAP _tIMMERSE |
||
| 505 |
_aSUMMER IN THE CITY
SAN PEDRO, BELIZE
"I COULD HARDLY IMAGINE HOW WE CAME ALL THIS WAY"
GREEN AS AN ISLAND _tARRIVE |
||
| 505 |
_aDOGS´ BEST FRIEND
SHOW ME YOUR BLUE FLAG
THE QUIET INNOVATOR
FOR KING AND COUNTRY
ONBOARD ENTERTAINMENT
PARTING SHOT _tENGAGE |
||
| 650 |
_2Tesauro de Arte & Arquitectura _aARTE |
||
| 650 |
_2Tesauro de Arte & Arquitectura _aCULTURA _9702 |
||
| 650 |
_2Tesauro de Arte & Arquitectura _aHISTORIA |
||
| 651 |
_2Tesauro de Arte & Arquitectura _aCARIBE |
||
| 942 |
_2ddc _c1 _h306.440.89 _iL374c _n0 |
||
| 999 |
_c4182 _d4182 |
||